Statistics for Central Africa Flag Quiz

Click here to take the quiz!

General Stats

  • This quiz has been taken 33 times
  • The average score is 7 of 8

Answer Stats

Answer% Correct
Democratic Republic of The Congo
100%
Angola
95%
Republic of The Congo
91%
Cameroon
73%
Central African Republic
73%
Chad
73%
Equatorial Guinea
73%
Gabon
73%

Score Distribution

Percentile by Number Answered

Percent of People with Each Score

Your Score History

You have not taken this quiz